header

Discussing conversation analysis (Record no. 162930)

MARC details
000 -LEADER
fixed length control field 01244nam a2200301Ia 4500
082 04 - DEWEY DECIMAL CLASSIFICATION NUMBER
Classification number 302.3/46
245 00 - TITLE STATEMENT
Title Discussing conversation analysis
260 ## - PUBLICATION, DISTRIBUTION, ETC. (IMPRINT)
Place of publication Philadelphia :
Name of publisher J. Benjamins,
Year of publication 2003.
300 ## - PHYSICAL DESCRIPTION
Number of Pages 192 p.
650 #0 - SUBJECT ADDED ENTRY--TOPICAL TERM
Topical Term Conversation analysis.
700 1# - ADDED ENTRY--PERSONAL NAME
Personal name Prevignano, Carlo.
Personal name Thibault, Paul J.
856 40 - ELECTRONIC LOCATION AND ACCESS
Uniform Resource Identifier http://site.ebrary.com/lib/rucke/Doc?id=10032042

No items available.

© 2026 Rongo University
Contact us: librarian | system librarian | Rongo university